MARC details
| 000 -CABECERA |
| campo de control de longitud fija |
01008nam a2200253 a 4500 |
| 001 - NÚMERO DE CONTROL |
| campo de control |
000021318 |
| 005 - FECHA Y HORA DE LA ÚLTIMA TRANSACCIÓN |
| campo de control |
20200930011307.0 |
| 008 - DATOS DE LONGITUD FIJA--INFORMACIÓN GENERAL |
| campo de control de longitud fija |
100906s1989 sp 000 0 spa d |
| 020 ## - NÚMERO INTERNACIONAL ESTÁNDAR DEL LIBRO |
| Número Internacional Estándar del Libro |
8477748543 |
| 040 ## - FUENTE DE LA CATALOGACIÓN |
| Centro catalogador/agencia de origen |
DO-SdBNP |
| 245 03 - MENCIÓN DE TÍTULO |
| Título |
La lingüística de la escritura : |
| Resto del título |
debates entre lengua y literatura / |
| Mención de responsabilidad, etc. |
compilación Nigel Fabb, Derek Attridge, Alan Durant y Colin MacCabe; tradución Javier Yagüe Bosch ; colección Carlos Piera. |
| 260 ## - PUBLICACIÓN, DISTRIBUCIÓN, ETC. |
| Lugar de publicación, distribución, etc. |
Madrid, : |
| Nombre del editor, distribuidor, etc. |
Visor, |
| Fecha de publicación, distribución, etc. |
1989. |
| 300 ## - DESCRIPCIÓN FÍSICA |
| Extensión |
313 p. ; |
| Dimensiones |
25 cm. |
| 490 1# - MENCIÓN DE SERIE |
| Mención de serie |
Lingüística y conocimiento |
| Designación de volumen o secuencia |
v. 4 |
| 504 ## - NOTA DE BIBLIOGRAFÍA, ETC. |
| Nota de bibliografía, etc. |
Incluye referencias bibliográficas y notas al pie de las páginas |
| 504 ## - NOTA DE BIBLIOGRAFÍA, ETC. |
| Nota de bibliografía, etc. |
Incluye bibliografías |
| 700 1# - PUNTO DE ACCESO ADICIONAL--NOMBRE DE PERSONA |
| Nombre de persona |
Fabb, Nigel, |
| Término indicativo de función/relación |
comp. |
| 9 (RLIN) |
44548 |
| 700 1# - PUNTO DE ACCESO ADICIONAL--NOMBRE DE PERSONA |
| Nombre de persona |
Attridge, Derek, |
| Término indicativo de función/relación |
comp. |
| 9 (RLIN) |
44549 |
| 700 1# - PUNTO DE ACCESO ADICIONAL--NOMBRE DE PERSONA |
| Nombre de persona |
Durant, Alan, |
| Término indicativo de función/relación |
comp. |
| 9 (RLIN) |
44550 |
| 700 1# - PUNTO DE ACCESO ADICIONAL--NOMBRE DE PERSONA |
| Nombre de persona |
MacCabe, Colin, |
| Término indicativo de función/relación |
comp. |
| 9 (RLIN) |
44551 |
| 700 1# - PUNTO DE ACCESO ADICIONAL--NOMBRE DE PERSONA |
| Nombre de persona |
Yagüe Bosch, Javier, |
| Término indicativo de función/relación |
tr. |
| 9 (RLIN) |
44552 |
| 700 1# - PUNTO DE ACCESO ADICIONAL--NOMBRE DE PERSONA |
| Nombre de persona |
Piera, Carlos, |
| Término indicativo de función/relación |
col. |
| 9 (RLIN) |
44553 |
| 830 #0 - PUNTO DE ACCESO ADICIONAL DE SERIE-TÍTULO UNIFORME |
| Título uniforme |
Lingüística y conocimiento |
| Número de parte o sección de la obra |
no. 4 |
| 9 (RLIN) |
44554 |